SAT Words HARD Click Quiz - G #4 - Statistics

General Stats
  • This quiz has been taken 253 times
  • The average score is 9 of 15
Answer Stats
Hint Answer % Correct
Relating to sounds made in the throat Guttural
94%
Connoisseur of good food and drink; student of haute cuisine Gastronome
88%
External appearance that conceals the true nature of something Guise
80%
Relevant or applicable to the matter at hand; appropos Germane
73%
Seriousness in dignity of manner Gravitas
73%
Small anchor with several hooks used to recover sunken objects Grapnel
72%
French idiom or expression used in English Gallicism
62%
Organic social relationship based on kinship and shared tradition Gemeinschaft
56%
Irritating or persistent person who challenges established order Gadfly
54%
Mischievous street girl Gamine
48%
Gullible or credulous person Gobemouche
41%
Gentle slope leading to a fortification; or, buffer zone Glacis
39%
Essential part of a complaint or accusation Gravamen
38%
Understand intuitively and insightfully Grok
33%
Rich mine or source of great wealth Golconda
18%
No matching quizzes found
Score Distribution
Percent of People with Each Score
Percentile by Number Answered
Your Score History
You have not taken this quiz